[Event "Cup Torch Real Estate"]
[Site "masterchessopen.com – Wuxi (China)"]
[Date "2005.05.12"]
[Round "11"]
[White "Sun Xinyue (CHN)"]
[Black "Yu Ting (CHN)"]
[Result "1-0"]
[WhiteElo "2037"]
[BlackElo "2228"]

1.e4 d6 2.d4 Nf6 3.f3 g6 4.c4 Bg7 5.Nc3 c6 6.Be3 Nbd7 7.Qd2 O-O 8.Nge2 a6 9.g4
b5 10.Ng3 Nb6 11.cxb5 axb5 12.h4 Be6 13.h5 b4 14.Nd1 b3 15.a3 Na4 16.hxg6 fxg6
17.Qh2 Qa5+ 18.Bd2 Qb6 19.g5 Ne8 20.Qxh7+ Kf7 21.Nf5 Bxf5 22.exf5 Qxd4
23.Qxg6+ Kg8 24.Qe6+ {#r} 1-0

[Event "Ch SCG (team)"]
[Site "masterchessopen.com – Herceg Novi (Montenegro)"]
[Date "2005.05.15"]
[Round "1"]
[White "Savic Miomir (MNE)"]
[Black "Mrdak Milomir (SRB)"]
[Result "1-0"]
[WhiteElo "2239"]
[BlackElo "2016"]

1.d4 Nf6 2.c4 g6 3.Nc3 Bg7 4.e4 d6 5.f3 c6 6.Be3 a6 7.a4 Nbd7 8.Nge2 c5 9.a5
O-O 10.Qd2 cxd4 11.Nxd4 Ne5 12.Be2 Qc7 13.Na4 Bd7 14.Nb6 Rab8 15.O-O Nc6
16.Rfd1 Nxd4 17.Bxd4 Be6 18.Rac1 Rbe8 19.b4 Bc8 20.c5 dxc5 21.Rxc5 Qb8 22.e5
Nh5 23.g4 Be6 24.gxh5 Rd8 25.f4 Bh6 26.Qe3 Kh8 27.Kh1 Rg8 28.Bf3 g5 29.f5 Bxf5
30.e6+ f6 31.Rxf5 {#r} 1-0

[Event "Ch Slovakia (open)"]
[Site "masterchessopen.com – Trencianske Teplice (Slovakia)"]
[Round "2"]
[White "Siroky Drahomir (SVK)"]
[Black "Komlosi Frantisek (SVK)"]
[Result "1-0"]
[WhiteElo "1860"]
[BlackElo "1978"]

1.e4 d6 2.d4 Nf6 3.f3 g6 4.c4 Bg7 5.Nc3 c6 6.Bd3 Na6 7.a3 Qb6 8.Nge2 e5 9.d5
Nh5 10.Na4 Qd8 11.O-O O-O 12.Rb1 Bd7 13.b4 b5 14.dxc6 bxa4 15.cxd7 Qxd7 16.Bc2
Qc7 17.Qd5 Rac8 18.Bxa4 Qb6+ 19.Kh1 Nc7 20.Qc6 Na8 21.Qb5 Qc7 22.Be3 Rfd8
23.Rbc1 Nb6 24.c5 Nxa4 25.Qxa4 d5 26.exd5 Rxd5 27.Rfd1 Rcd8 28.Rxd5 Rxd5
29.Rd1 Rxd1+ 30.Qxd1 Bf8 31.Nc3 {#r} 1-0

[Event "Ch Greece (team)"]
[Site "masterchessopen.com – Greece"]
[Date "2005.07.08"]
[Round "5"]
[White "Tsiamis Konstantinos (GRE)"]
[Black "Mastrokoukos Georgios (GRE)"]
[Result "1-0"]
[WhiteElo "2307"]
[BlackElo "2322"]

1.d4 Nf6 2.c4 g6 3.Nc3 Bg7 4.e4 d6 5.f3 c6 6.Be3 a6 7.c5 b5 8.cxd6 exd6 9.Qd2
O-O 10.Bd3 Nbd7 11.Nge2 c5 12.O-O cxd4 13.Nxd4 Bb7 14.g4 Nb6 15.g5 Nfd7 16.a4
b4 17.Nce2 a5 18.Nb3 Ne5 19.Bd4 Nxd3 20.Bxg7 Kxg7 21.Qxd3 Qxg5+ 22.Ng3 Qf6
23.Qb5 Qd8 24.Rf2 Bc8 25.Nxa5 Bd7 26.Qxb4 Nxa4 27.Nb7 Qc7 28.Nxd6 Ra6 29.e5
Rb6 30.Qd4 f6 31.exf6+ Rxf6 32.Ngf5+ Bxf5 33.Ne8+ {#r} 1-0

[Event "Ch Paris (open)"]
[Site "masterchessopen.com – Paris (France)"]
[Date "2005.07.09"]
[Round "1"]
[White "Marzolo Cyril (FRA)"]
[Black "Demarre Jacques (FRA)"]
[Result "1-0"]
[WhiteElo "2393"]
[BlackElo "2228"]

1.d4 Nf6 2.c4 g6 3.Nc3 Bg7 4.e4 d6 5.f3 c6 6.Bg5 a6 7.Qd2 h5 8.Bd3 b5 9.Nge2
Nbd7 10.O-O Nb6 11.b3 b4 12.Nd1 c5 13.Be3 Nfd7 14.a3 bxa3 15.Rxa3 Qc7 16.Ndc3
Bb7 17.Rb1 cxd4 18.Nxd4 h4 19.Nd5 Qd8 20.Nxb6 Nxb6 21.Qb4 h3 22.g3 Rb8 23.Be2
Nd7 24.Qd2 Qc7 25.Rc1 Rh5 26.b4 Re5 27.c5 dxc5 28.Nb3 Rd8 29.bxc5 Nxc5 30.Qc2
Rc8 31.Nxc5 {#r} 1-0

[Event "Memorial M.Chigorin (open)"]
[Site "masterchessopen.com – St.Petersburg (Russia)"]
[Date "2005.10.15"]
[Round "1"]
[White "Dushenok Anna (RUS)"]
[Black "Zakharevich Igor (RUS)"]
[Result "0-1"]
[WhiteElo "2206"]
[BlackElo "2490"]

1.d4 Nf6 2.c4 g6 3.Nc3 Bg7 4.e4 d6 5.f3 c6 6.Be3 a6 7.a4 a5 8.Nge2 Na6 9.Nc1
O-O 10.Nd3 Nd7 11.Qc2 e5 12.d5 Bh6 13.Bxh6 Qh4+ 14.Nf2 Qxh6 15.dxc6 Nb4 16.Qe2
bxc6 17.Rd1 Nc5 18.Rxd6 Be6 19.Qd2 Qxd2+ 20.Rxd2 Nb3 21.Rd6 Rfd8 22.Rxd8+ Rxd8
23.Nfd1 Rd2 24.Be2 Nc2+ 25.Kf2 Bxc4 26.Re1 Nxe1 27.Kxe1 Bxe2 28.Nxe2 Rc2
29.Kf1 Nc1 {#R} 0-1

[Event "It (open) \"]
[Site "masterchessopen.com – St.Petersburg (Russia)"]
[Date "2006.06.24"]
[Round "2"]
[White "Nikolaev Yury (RUS)"]
[Black "Zakharov Yuri (RUS)"]
[Result "1-0"]
[WhiteElo "2109"]
[BlackElo "2017"]

1.d4 Nf6 2.c4 g6 3.Nc3 Bg7 4.e4 d6 5.f3 c6 6.Be3 a6 7.d5 Nbd7 8.Nh3 Qa5 9.Be2
O-O 10.O-O Re8 11.Nf2 c5 12.a4 Qc7 13.f4 e6 14.g4 exd5 15.cxd5 Nf8 16.g5 N6d7
17.Ng4 Bxc3 18.bxc3 Rxe4 19.Qd3 Re7 20.c4 f6 21.gxf6 Rxe3 22.Qxe3 h5 23.Qe7
{#r} 1-0

[Event "It (open)"]
[Site "masterchessopen.com – Gent (Belgium)"]
[Date "2006.07.16"]
[Round "3"]
[White "Abolianin Arthur (BEL)"]
[Black "Van Vlaenderen Koen (BEL)"]
[Result "1-0"]
[WhiteElo "2380"]
[BlackElo "2031"]

1.d4 Nf6 2.c4 g6 3.Nc3 Bg7 4.e4 d6 5.f3 c6 6.Be3 a6 7.d5 b5 8.dxc6 b4 9.Nd5
Nxd5 10.cxd5 Bxb2 11.Ne2 Bxa1 12.Qxa1 f6 13.Nd4 Qc7 14.Bc4 Nd7 15.cxd7+ Bxd7
16.Kd2 O-O 17.Rc1 Qa5 18.Bb3 Rfc8 19.Nc6 Bxc6 20.dxc6+ Kg7 21.Qd4 Qe5 22.Qxe5
dxe5 23.c7 {#r} 1-0

[Event "It (open)"]
[Site "masterchessopen.com – Le Touquet (France)"]
[Date "2006.10.30"]
[Round "3"]
[White "Hareux Hubert (FRA)"]
[Black "Ringoir Guy (BEL)"]
[Result "1-0"]
[WhiteElo "2237"]
[BlackElo "1958"]

1.d4 Nf6 2.c4 g6 3.Nc3 Bg7 4.e4 d6 5.f3 c6 6.Be3 a6 7.c5 dxc5 8.dxc5 Qa5 9.Qa4
Qxa4 10.Nxa4 Nfd7 11.f4 a5 12.Bd3 Na6 13.a3 Nc7 14.Nf3 Nf8 15.O-O-O Be6 16.Nb6
Rd8 17.Be2 Nd7 18.Ng5 h6 19.Nxe6 Nxe6 20.Nxd7 Rxd7 21.Rxd7 Kxd7 22.Bc4 Kc7
23.Bxe6 fxe6 24.e5 g5 25.g3 gxf4 26.gxf4 h5 27.Kd1 Bh6 28.Ke2 Rg8 29.Kf3 h4
30.a4 h3 31.Rg1 {#r} 1-0

[Event "It (open) (active)"]
[Site "masterchessopen.com – El Sauzal (Spain)"]
[Date "2006.11.05"]
[Round "9"]
[White "Trujillo Ivan (ESP)"]
[Black "Komljenovic Davor (CRO)"]
[Result "0-1"]
[WhiteElo "2126"]
[BlackElo "2487"]

1.d4 Nf6 2.c4 g6 3.Nc3 Bg7 4.e4 d6 5.f3 c6 6.Be3 a6 7.Qd2 b5 8.Bd3 bxc4 9.Bxc4
d5 10.exd5 cxd5 11.Bb3 Nc6 12.Nge2 O-O 13.O-O Na5 14.Rfd1 Rb8 15.Nc1 Nc4
16.Bxc4 dxc4 17.N1e2 Qb6 18.Na4 Qc6 19.Nec3 Nd5 20.Nxd5 Qxd5 21.Rac1 Rd8
22.Qc2 Be6 23.Nc5 a5 24.Bf2 Bf5 25.Qc3 e5 26.dxe5 Qxd1+ 27.Rxd1 Rxd1+ 28.Be1
Re8 29.f4 Bf8 30.Na6 Ra8 {#R} 0-1

[Event "It (open) (b)"]
[Site "masterchessopen.com – Zupanja (Croatia)"]
[Date "2007.01.06"]
[Round "4"]
[White "Radulovic Bojan (CRO)"]
[Black "Knezevic Jovan (CRO)"]
[Result "1-0"]
[WhiteElo "2289"]
[BlackElo "2051"]

1.d4 d6 2.c4 Nf6 3.Nc3 g6 4.e4 Bg7 5.f3 c6 6.Be3 Qc7 7.Bd3 e5 8.d5 cxd5 9.cxd5
O-O 10.Nge2 Ne8 11.O-O f5 12.Rc1 Qd8 13.Nb5 a6 14.Na7 Bd7 15.Qb3 b5 16.a4 fxe4
17.fxe4 Nf6 18.h3 Ne8 19.Rxf8+ Bxf8 20.axb5 axb5 21.Nc6 Qh4 22.Bf2 Qg5 23.Bxb5
Nf6 24.Qf3 Ne8 25.Be3 Qf6 26.Qg3 Qg7 27.Bb6 Nxc6 28.dxc6 Bc8 29.Qb3+ Kh8 30.c7
Bb7 31.c8=Q Bxc8 32.Bxe8 Bxh3 33.Bc6 Rb8 34.gxh3 Be7 {#r} 1-0

[Event "It (open)"]
[Site "masterchessopen.com – Blackpool (England)"]
[Date "2007.03.18"]
[Round "5"]
[White "Prodromidis Nicholas (GRE)"]
[Black "Addison Bret (ENG)"]
[Result "0-1"]
[WhiteElo "1979"]
[BlackElo "2244"]

1.d4 Nf6 2.c4 g6 3.Nc3 Bg7 4.e4 d6 5.f3 c6 6.Be3 a6 7.Qd2 Nbd7 8.Nh3 b5 9.Nf2
Rb8 10.g4 h5 11.g5 Nh7 12.f4 Qa5 13.e5 bxc4 14.Bxc4 Nhf8 15.O-O Nb6 16.Bd3 Nd5
17.Nfe4 Nxe3 18.Qxe3 d5 19.Nf6+ Kd8 20.f5 Rxb2 21.Rac1 gxf5 22.Ne2 Qd2 23.Qf3
Qxg5+ 24.Kh1 exf6 25.Rxc6 Be6 26.Rd6+ Nd7 27.Rg1 Qh6 28.Nf4 fxe5 29.Nxd5 e4
30.Bxe4 fxe4 31.Qc3 Bxd5 32.Rxh6 e3+ 33.Rg2 Rb1+ {#R} 0-1

[Event "Ch France (team) (nat.2) 2006/07"]
[Site "masterchessopen.com – France"]
[Round "10"]
[White "Murey Jacob (ISR)"]
[Black "Le Masle Raphael (FRA)"]
[Result "0-1"]
[WhiteElo "2417"]
[BlackElo "2079"]

1.c4 g6 2.Nc3 Bg7 3.d4 d6 4.e4 Nf6 5.f3 c6 6.Be3 a6 7.e5 Nfd7 8.f4 c5 9.dxc5
dxe5 10.fxe5 O-O 11.e6 fxe6 12.Nf3 Qc7 13.Na4 Nc6 14.Be2 Nde5 15.Qb3 Ng4
16.O-O-O Nxe3 17.Qxe3 Qa5 18.b3 Qb4 19.Kb1 e5 20.Bd3 Bf5 21.Bxf5 gxf5 22.Qd2
Qxd2 23.Rxd2 e4 24.Ng5 Bh6 25.h4 Bxg5 26.hxg5 f4 27.Nc3 e3 28.Rd5 Rad8 29.Rhd1
e5 30.a3 a5 31.Kb2 Ne7 32.b4 axb4 33.axb4 {#R} 0-1

[Event "Cup Macedonia (team)"]
[Site "masterchessopen.com – Skopje (Macedonia)"]
[Date "2007.04.27"]
[Round "0"]
[White "Bekarovski Filip (MKD)"]
[Black "Larrachea Formas Emilia V (CHI)"]
[Result "1-0"]
[WhiteElo "2000"]
[BlackElo "2024"]

1.d4 Nf6 2.c4 d6 3.Nc3 g6 4.e4 Bg7 5.f3 c6 6.Be3 a5 7.Qd2 h5 8.O-O-O Na6 9.h3
Qc7 10.Kb1 Bd7 11.Bd3 Nb4 12.Nge2 a4 13.g4 Qa5 14.g5 Nh7 15.h4 O-O 16.Rhg1 b5
17.Nf4 Nxd3 18.Qxd3 Qb4 19.cxb5 a3 20.b3 e5 21.Nxh5 exd4 22.Bxd4 Bxd4 23.Qxd4
Qxd4 24.Rxd4 gxh5 25.Rxd6 Rfd8 26.Rgd1 Nf8 27.bxc6 Rdc8 28.cxd7 Nxd7 29.Nd5
{#r} 1-0

[Event "It (open) \"]
[Site "masterchessopen.com – Sukhumi (Georgia)"]
[Date "2007.08.11"]
[Round "8"]
[White "Verzhansky Alexander (RUS)"]
[Black "Gusarchuk Anastasija (RUS)"]
[Result "1-0"]
[WhiteElo "2357"]
[BlackElo "2098"]

1.d4 Nf6 2.c4 g6 3.Nc3 Bg7 4.e4 d6 5.f3 c6 6.Be3 a6 7.Nge2 b5 8.b3 Nbd7 9.Qd2
Nb6 10.Ng3 h5 11.Bd3 h4 12.Nge2 e5 13.dxe5 dxe5 14.c5 Nbd7 15.a4 b4 16.Nd1 Qe7
17.Rc1 Nh5 {#r} 1-0

[Event "Ch Netherlands (team) 2007/08"]
[Site "masterchessopen.com – Netherlands"]
[Date "2007.10.06"]
[Round "2"]
[White "Bakker Sven (NED)"]
[Black "Delemarre Jop (NED)"]
[Result "0-1"]
[WhiteElo "2244"]
[BlackElo "2478"]

1.d4 Nf6 2.c4 g6 3.Nc3 Bg7 4.e4 d6 5.f3 c6 6.Be3 a6 7.Qd2 b5 8.a3 bxc4 9.Bxc4
d5 10.Ba2 a5 11.Nge2 Ba6 12.Bh6 Bxh6 13.Qxh6 Bxe2 14.Nxe2 dxe4 15.fxe4 Nxe4
16.O-O Nf6 17.Rae1 Qd6 18.Rxf6 exf6 19.Qg7 Rf8 20.Nf4+ Kd8 21.Bxf7 Qxd4+
22.Kh1 Qxf4 23.Qxf8+ Kc7 24.Qe7+ Kb6 25.Qd8+ Qc7 26.Qd4+ c5 27.Re6+ Nc6 28.Qc3
Rd8 29.Qb3+ Ka7 30.Be8 Nd4 {#R} 0-1

[Event "It (open)"]
[Site "masterchessopen.com – Goch (Germany)"]
[Date "2007.10.07"]
[Round "6"]
[White "Kostowski Ireneus (GER)"]
[Black "Pikatz Frank"]
[Result "1-0"]
[WhiteElo "1876"]
[BlackElo "1660"]

1.d4 Nf6 2.c4 d6 3.Nc3 g6 4.e4 Bg7 5.f3 c6 6.Be3 Nbd7 7.Qd2 Qc7 8.Bd3 e5 9.d5
cxd5 10.Nb5 Qb8 11.Qb4 Nc5 12.Nxd6+ Qxd6 13.Bxc5 Qd8 14.cxd5 b6 15.Bf2 Bf8
16.Qc3 a5 17.Qxe5+ {#r} 1-0

[Event "Ch World (juniors) (under 12)"]
[Site "masterchessopen.com – Kemer (Turkey)"]
[Date "2007.11.19"]
[Round "2"]
[White "Shabanov Nurlan (AZE)"]
[Black "Kiani Kiarash (IRI)"]
[Result "1-0"]
[WhiteElo "1800"]
[BlackElo "1721"]

1.d4 Nf6 2.c4 d6 3.Nc3 g6 4.e4 Bg7 5.f3 c6 6.Be3 Qc7 7.Bd3 Nbd7 8.Nge2 e5 9.d5
c5 10.Nb5 Qb8 11.a3 a6 12.Nbc3 Qc7 13.b4 b6 14.Qa4 Bb7 15.bxc5 bxc5 16.O-O O-O
17.Rab1 Rfb8 18.Rb2 Ra7 19.Rfb1 Rba8 {#r} 1-0

[Event "Ch City (open)"]
[Site "masterchessopen.com – Kazan (Russia)"]
[Date "2007.12.06"]
[Round "7"]
[White "Bitkinin Lenar (RUS)"]
[Black "Amirkhanov Roustem (RUS)"]
[Result "0-1"]
[WhiteElo "2117"]
[BlackElo "2264"]

1.d4 Nf6 2.c4 g6 3.Nc3 Bg7 4.e4 d6 5.f3 c6 6.Be3 a6 7.Qd2 b5 8.O-O-O Qa5 9.Kb1
Nbd7 10.g4 bxc4 11.Bxc4 O-O 12.Nge2 Qb4 13.Bd3 Rb8 14.Ng3 c5 15.Nce2 cxd4
16.Qxb4 Rxb4 17.Bxd4 Nc5 18.h4 Be6 19.Bc3 Rb7 20.Bc2 Rfb8 21.Nd4 Nfd7 22.Ka1
Ne5 23.Nxe6 fxe6 24.Rdf1 Rf8 25.Bd1 Nc4 26.Bxg7 Kxg7 27.b3 Ne3 28.Be2 Nxf1
29.Rxf1 a5 30.f4 Rb4 {#R} 0-1

[Event "Cup President"]
[Site "masterchessopen.com – Fujairah (United Arab Emirates)"]
[Date "2007.12.29"]
[Round "4"]
[White "Saeed Ishaq (UAE)"]
[Black "Alhuwar Jasem (UAE)"]
[Result "1-0"]
[WhiteElo "2152"]
[BlackElo "2256"]

1.d4 Nf6 2.c4 g6 3.Nc3 Bg7 4.e4 d6 5.f3 c6 6.Be3 a6 7.Bd3 b5 8.Nge2 Nbd7
9.cxb5 axb5 10.a4 bxa4 11.Rxa4 Rb8 12.b4 O-O 13.O-O Nb6 14.Ra7 Be6 15.b5 cxb5
16.Bxb5 Bc4 17.Bc6 Nc8 18.Ra3 Qb6 19.Qa4 Bb3 20.Qa6 Qxa6 21.Rxa6 Bc4 22.Ra4
Bxe2 23.Nxe2 Rb2 24.Ng3 Nb6 25.Ra7 e6 26.Rb7 Rc8 27.Rc1 d5 28.e5 Ne8 29.Nf1
Nc4 30.Bxd5 exd5 31.Rxb2 Nc7 32.Rb7 Ne6 33.Nd2 {#r} 1-0

[Event "It (cat.3)"]
[Site "masterchessopen.com – Liege (Belgium)"]
[Date "2008.01.04"]
[Round "2"]
[White "Soors Stef (BEL)"]
[Black "Ringoir Tanguy (BEL)"]
[Result "1-0"]
[WhiteElo "2176"]
[BlackElo "2354"]

1.d4 Nf6 2.c4 g6 3.Nc3 Bg7 4.e4 d6 5.f3 c6 6.Be3 a6 7.Qd2 b5 8.O-O-O bxc4
9.Bxc4 d5 10.Bb3 a5 11.Bh6 O-O 12.h4 dxe4 13.h5 exf3 14.hxg6 Bxh6 15.Qxh6 Bf5
16.gxf7+ Kh8 17.Nxf3 e6 18.Ne5 a4 19.Bc2 {#r} 1-0

[Event "NRW Klasse 1 2007/08"]
[Site "masterchessopen.com – Germany"]
[Date "2008.02.10"]
[Round "6"]
[White "Savchenko Alekseij (GER)"]
[Black "Wolf Norbert (GER)"]
[Result "1-0"]
[WhiteElo "2238"]
[BlackElo "2057"]

1.d4 Nf6 2.c4 g6 3.Nc3 Bg7 4.e4 d6 5.f3 c6 6.Be3 a6 7.Qd2 b5 8.d5 b4 9.Nce2 c5
10.g4 h5 11.g5 Nfd7 12.f4 Nb6 13.Rc1 e6 14.Bg2 O-O 15.Nf3 exd5 16.cxd5 Re8
17.Nh4 N8d7 18.O-O a5 19.b3 a4 20.e5 dxe5 21.f5 axb3 22.axb3 Ra3 23.fxg6 fxg6
24.Be4 Nf8 25.Bxc5 Bb7 26.Qxb4 Ra2 27.Ng3 Qxg5 28.Rc2 Rxc2 29.Bxc2 Nbd7
30.Qxb7 Nxc5 31.Qf7+ {#r} 1-0

[Event "It (open) \"]
[Site "masterchessopen.com – Athens (Greece)"]
[Date "2008.04.07"]
[Round "1"]
[White "Skalkotas Nikolaos (GRE)"]
[Black "Drakakis Georgios (GRE)"]
[Result "1-0"]
[WhiteElo "2276"]
[BlackElo "1750"]

1.c4 Nf6 2.Nc3 g6 3.e4 d6 4.d4 Bg7 5.f3 c6 6.Be3 a6 7.c5 O-O 8.cxd6 exd6 9.Bd3
b5 10.a4 b4 11.Na2 a5 12.Nc1 Ba6 13.Nb3 Re8 14.Ne2 Bxd3 15.Qxd3 Nfd7 16.O-O
Na6 17.Rfd1 Qe7 18.Nxa5 Nab8 19.Nb3 f5 20.Ng3 fxe4 21.fxe4 c5 22.dxc5 Nf6
23.cxd6 Qe6 24.Nc5 Qf7 25.Rf1 Nbd7 26.Nxd7 Qxd7 27.Bg5 Ng4 28.Qd5+ Qe6 29.d7
Be5 30.Qxa8 {#r} 1-0

[Event "Ch Schleswig Holstein (w)"]
[Site "masterchessopen.com – Schleswig Holstein (Germany)"]
[Date "2008.05.18"]
[Round "4"]
[White "Hielscher Ursula (GER)"]
[Black "Leib Britta (GER)"]
[Result "0-1"]
[WhiteElo "1885"]
[BlackElo "2010"]

1.d4 Nf6 2.c4 g6 3.Nc3 Bg7 4.e4 d6 5.f3 c6 6.Be3 Nbd7 7.Nge2 a6 8.Qd2 h5 9.h3
b5 10.d5 cxd5 11.cxd5 Bb7 12.Nd4 Rc8 13.Bd3 Ne5 14.f4 Nxd3+ 15.Qxd3 Qa5 16.Kf2
Qb4 17.Qc2 Qc4 18.Qb3 b4 19.Nce2 Nxe4+ {#R} 0-1

[Event "Memorial R.Nezhmetdinov (open)"]
[Site "masterchessopen.com – Kazan (Russia)"]
[Date "2008.06.01"]
[Round "1"]
[White "Slavnova Diana (RUS)"]
[Black "Kalegin Evgenij (RUS)"]
[Result "0-1"]
[WhiteElo "2082"]
[BlackElo "2510"]

1.d4 Nf6 2.c4 g6 3.Nc3 Bg7 4.e4 d6 5.f3 c6 6.Bd3 a6 7.Nge2 b5 8.d5 bxc4 9.Bxc4
O-O 10.Be3 c5 11.Qd2 Nbd7 12.O-O Rb8 13.Rab1 Ne5 14.Bb3 a5 15.Kh1 Ba6 16.Bh6
Bxh6 17.Qxh6 Bd3 18.Rbd1 c4 19.Ba4 Rxb2 20.Rd2 Qb6 21.Rxb2 Qxb2 22.Qc1 Qb6
23.h3 Rb8 24.Re1 Bxe2 25.Rxe2 Nh5 26.Kh2 Nd3 27.Qe3 Qb4 28.Rc2 Qa3 29.Bb5 Nb4
30.Re2 Nf4 31.Rf2 Rxb5 {#R} 0-1

[Event "It (open)"]
[Site "masterchessopen.com – Novi Sad (Serbia)"]
[Date "2008.06.07"]
[Round "2"]
[White "Bodiroga Predrag (SRB)"]
[Black "Markovic Lazar (BIH)"]
[Result "1-0"]
[WhiteElo "2435"]
[BlackElo "2214"]

1.d4 Nf6 2.c4 g6 3.Nc3 Bg7 4.e4 d6 5.f3 c6 6.Nge2 Nbd7 7.Bg5 Qa5 8.Qd2 b5
9.Nc1 bxc4 10.Bxc4 Ba6 11.Nb3 Qb6 12.Qe2 Bxc4 13.Qxc4 Rc8 14.Be3 O-O 15.O-O d5
16.Qe2 e6 17.e5 Ne8 18.Na4 Qb5 19.Qxb5 cxb5 20.Nbc5 Nxc5 21.Nxc5 Nc7 22.a4 b4
23.Rfc1 Rfd8 24.Nb7 Rd7 25.Rc6 Rb8 26.Nc5 {#r} 1-0

[Event "Tournament"]
[Site "masterchessopen.com – Ursus (Poland)"]
[Date "2008.06.08"]
[Round "9"]
[White "Potocki Karol (POL)"]
[Black "Rudolf Michal (POL)"]
[Result "0-1"]
[WhiteElo "1797"]
[BlackElo "2398"]

1.d4 Nf6 2.c4 g6 3.Nc3 Bg7 4.e4 d6 5.f3 c6 6.Be3 a6 7.Qd2 b5 8.cxb5 axb5 9.Bh6
Bxh6 10.Qxh6 Nbd7 11.Be2 b4 12.Nd1 Ba6 13.g4 c5 14.g5 Nh5 15.Nh3 Bxe2 16.Kxe2
cxd4 17.f4 Qc8 18.Ndf2 Qc2+ 19.Kf3 Qxb2 20.Rhc1 Ra3+ 21.Kg4 Nc5 22.Re1 Nd3
{#R} 0-1

[Event "Cup North Sea (open)"]
[Site "masterchessopen.com – Esbjerg (Denmark)"]
[Date "2008.07.14"]
[Round "6"]
[White "Amberger Dieter (AUT)"]
[Black "Kristensen Hans Hald (DEN)"]
[Result "1-0"]
[WhiteElo "2104"]
[BlackElo "2054"]

1.d4 Nf6 2.c4 g6 3.Nc3 Bg7 4.e4 d6 5.f3 c6 6.Be3 Nbd7 7.Bd3 e5 8.d5 Nh5 9.Qd2
Qh4+ 10.g3 Qe7 11.O-O-O c5 12.Nge2 a6 13.g4 Nhf6 14.h4 h5 15.Bg5 Qf8 16.Rdg1
Nb6 17.Nd1 hxg4 18.fxg4 Nxg4 19.Qa5 Bh6 20.Qxb6 Bxg5+ 21.hxg5 Rh5 22.Rxh5 gxh5
23.Bc2 Qe7 24.Ba4+ Kf8 25.Kb1 Kg7 26.Rh1 Kg6 27.Ng3 Kxg5 28.Rxh5+ Kg6 29.Rh8
{#r} 1-0

[Event "Memorial M.Najdorf (open)"]
[Site "masterchessopen.com – Warsaw (Poland)"]
[Date "2008.08.02"]
[Round "1"]
[White "Przedmojski Rafal (POL)"]
[Black "Witek Tomasz (POL)"]
[Result "1-0"]
[WhiteElo "2387"]
[BlackElo "2155"]

1.d4 Nf6 2.c4 g6 3.Nc3 Bg7 4.e4 d6 5.f3 c6 6.Be3 a6 7.Qd2 b5 8.O-O-O Qa5 9.Kb1
Nbd7 10.h4 Nb6 11.c5 Na4 12.Nxa4 Qxa4 13.b3 Qa3 14.cxd6 Nd7 15.dxe7 Qxe7
16.Bg5 f6 17.Bh6 Bxh6 18.Qxh6 a5 19.Qd2 a4 20.b4 a3 21.Ka1 Ra4 22.Rb1 Nb6
23.Bd3 Be6 24.Ne2 O-O 25.Bc2 Ra7 26.h5 g5 27.Bb3 Rd8 28.Qc3 Qd6 29.Rhd1 Kf7
30.Nc1 Qg3 31.Nd3 Nc4 32.Bxc4 {#r} 1-0

[Event "It (open)"]
[Site "masterchessopen.com – Porto San Giorgio (Italy)"]
[Date "2008.08.26"]
[Round "6"]
[White "Tugui Adrian (ROM)"]
[Black "Peredy Ferenc (HUN)"]
[Result "1-0"]
[WhiteElo "2367"]
[BlackElo "2252"]

1.d4 Nf6 2.c4 g6 3.Nc3 Bg7 4.e4 d6 5.f3 c6 6.Be3 a6 7.Nge2 b5 8.Ng3 O-O 9.Be2
bxc4 10.Bxc4 a5 11.e5 Ne8 12.f4 Ba6 13.Bb3 Qb6 14.Kf2 Nc7 15.Nge4 Nd7 16.Rc1
Rad8 17.Qc2 Qb8 18.Ng5 d5 19.Na4 Bb5 20.Rhe1 f6 21.Nf3 fxe5 22.fxe5 Ne6 23.Kg1
Nf4 24.Rcd1 Rf5 25.Bxf4 Rxf4 26.Qd2 Rdf8 27.Qxa5 g5 28.Nxg5 Bxa4 29.Bxa4 Qxb2
30.Qd2 Qxd2 31.Rxd2 Bh6 32.Ne6 Re4 33.Rxe4 dxe4 34.Nxf8 {#r} 1-0

[Event "It (open)"]
[Site "masterchessopen.com – Cesenatico (Italy)"]
[Date "2008.09.05"]
[Round "7"]
[White "Lain Luigi (ITA)"]
[Black "Assmann Norbert (ITA)"]
[Result "1-0"]
[WhiteElo "2208"]
[BlackElo "2031"]

1.d4 Nf6 2.c4 g6 3.Nc3 Bg7 4.e4 d6 5.f3 c6 6.Be3 e6 7.d5 c5 8.Qd2 a6 9.Bd3
Nbd7 10.Nge2 Qe7 11.g4 Kd8 12.Na4 Rb8 13.b4 b5 14.cxb5 axb5 15.Nac3 c4 16.Bc2
Nb6 17.a4 bxa4 18.Nxa4 Nxa4 19.Bxa4 Nxg4 20.fxg4 Qh4+ 21.Ng3 Qxg4 22.Rf1 Ke7
23.Bc6 Bd7 24.Ra7 Rhd8 25.Qf2 f6 26.h3 Qh4 27.Nf5+ {#r} 1-0

[Event "Memorial Siamidi (open)"]
[Site "masterchessopen.com – Ufa (Russia)"]
[Date "2008.09.20"]
[Round "9"]
[White "Khaziev Anvar (RUS)"]
[Black "Tukhvatullin Vladislav (RUS)"]
[Result "1-0"]
[WhiteElo "2060"]
[BlackElo "2236"]

1.d4 Nf6 2.c4 g6 3.Nc3 Bg7 4.e4 d6 5.f3 c6 6.Be3 a6 7.Bd3 Nbd7 8.Nge2 b5 9.Qd2
O-O 10.h4 Qa5 11.b3 bxc4 12.bxc4 c5 13.h5 Nxh5 14.g4 cxd4 15.Nxd4 Nf4 16.Bxf4
Bxd4 17.Rc1 Ne5 18.Be2 Bxc3 19.Rxc3 Be6 20.Bxe5 dxe5 21.Qh6 Qxc3+ 22.Kf2 Qd4+
23.Kg2 {#r} 1-0

[Event "Ch Europe (juniors) (under 18)"]
[Site "masterchessopen.com – Herceg Novi (Montenegro)"]
[Date "2008.09.23"]
[Round "8"]
[White "Posedaru Bogdan (ROM)"]
[Black "Green Andrew (SCO)"]
[Result "1-0"]
[WhiteElo "2212"]
[BlackElo "2038"]

1.d4 Nf6 2.c4 g6 3.Nc3 Bg7 4.e4 d6 5.f3 c6 6.Be3 a6 7.a4 a5 8.Bd3 Na6 9.Rc1
O-O 10.Nge2 Nb4 11.Rb1 Nd7 12.O-O e5 13.f4 exd4 14.Bxd4 f6 15.Kh1 Qe7 16.Bg1
Nc5 17.Nd4 Bd7 18.Qf3 Be8 19.Rbd1 Bf7 20.b3 Rfe8 21.Rfe1 d5 22.cxd5 cxd5
23.exd5 Qxe1 24.Rxe1 Rxe1 25.Qf2 Ree8 26.Ndb5 Nba6 27.Nd6 Red8 28.Nxf7 Kxf7
29.f5 g5 30.Be4 Rac8 31.Bf3 Bf8 32.Nb5 Nb4 33.Qe2 Re8 34.Bh5+ {#r} 1-0

[Event "Olympiad (w)"]
[Site "masterchessopen.com – Dresden (Germany)"]
[Date "2008.11.16"]
[Round "4"]
[White "Safar Reem (QAT)"]
[Black "Agrest Inna (SWE)"]
[Result "0-1"]
[WhiteElo "1719"]
[BlackElo "2215"]

1.d4 Nf6 2.c4 g6 3.Nc3 Bg7 4.e4 d6 5.f3 c6 6.Bg5 Nbd7 7.Qd2 e5 8.d5 h6 9.Be3
cxd5 10.cxd5 a6 11.a4 Nh5 12.Nh3 Nc5 13.Bxc5 dxc5 14.Nf2 O-O 15.Be2 Bd7 16.O-O
Nf4 17.Nd3 Qg5 18.Nxf4 exf4 19.Bd3 Rac8 20.Bc4 Bd4+ 21.Kh1 Rce8 22.Ne2 Be3
23.Qc2 Re5 24.Nc3 Qg3 25.h3 Rh5 26.Ne2 Rxh3+ 27.gxh3 Qxh3# 0-1